000 00920nam a2200265Ia 4500
008
020 _z080103553 (pbk.)
020 _z080103561 (hbk.)
049 _aMAIN
090 _aTA642
_bLIV
100 1 _aLivesley, R. K.
245 1 0 _aMatrix methods of structural analysis /
_cR.K. Livesley.
260 _aOxford :
_bPergamon Press,
_c1964.
300 _axiii, 265 p. :
_bill. ;
_c20 cm.
440 _aThe Commonwealth and international library of science, technology, engineering, and liberal studies. Structures and solid body mechanics division ;
_vv. 3.
504 _aIncludes bibliographical references.
500 _aIncludes index.
650 0 _aStructural analysis (Engineering)
_xMatrix methods.
650 0 _aMatrices.
907 _a.b10021905
_b13-02-09
_c17-04-03
003
005 20230123133138.0
040 _cNUST
942 _cBOOKS
_kTA642
_mLIV
999 _c143521
_d143521